Mechanizmy i czynniki przemian strukturalnych w systemach gospodarczych

Na minha lista:
Detalhes bibliográficos
Formato: Livro
Idioma:polonês
Publicado em: Wroclaw Akademia Ekon. im. Oskara Langego 1989
Edição:1. wyd.
Colecção:Prace naukowe Nr.478
Tags: Adicionar Tag
Sem tags, seja o primeiro a adicionar uma tag!

MARC

LEADER 00000nam a2200000 4500
001 c026179
005 20221215130155.6
041 0 |a pol 
044 |a PL 
245 1 0 |a Mechanizmy i czynniki przemian strukturalnych w systemach gospodarczych 
250 |a 1. wyd. 
264 1 |a Wroclaw  |b Akademia Ekon. im. Oskara Langego  |c 1989 
300 |a 111 s. 
490 1 |a Prace naukowe  |v Nr.478 
830 0 |a Prace naukowe  |v Nr.478